Neurology for the house officer / (Record no. 2682)
[ view plain ]
| 000 -LEADER | |
|---|---|
| fixed length control field | 01026cam a2200313 a 4500 |
| 001 - CONTROL NUMBER | |
| control field | 1878566 |
| 003 - CONTROL NUMBER IDENTIFIER | |
| control field | Ke-BoTe |
| 005 - DATE AND TIME OF LATEST TRANSACTION | |
| control field | 20220516101013.0 |
| 008 - FIXED-LENGTH DATA ELEMENTS--GENERAL INFORMATION | |
| fixed length control field | 830818s1983 mdua b 001 0 eng |
| 010 ## - LIBRARY OF CONGRESS CONTROL NUMBER | |
| LC control number | 83016849 |
| 020 ## - INTERNATIONAL STANDARD BOOK NUMBER | |
| International Standard Book Number | 0683089013 (pbk.) |
| 040 ## - CATALOGING SOURCE | |
| Original cataloging agency | DLC |
| Transcribing agency | DLC |
| Modifying agency | DLC |
| 050 10 - LIBRARY OF CONGRESS CALL NUMBER | |
| Classification number | RC355 |
| Item number | .W44 1983 |
| 060 ## - NATIONAL LIBRARY OF MEDICINE CALL NUMBER | |
| Classification number | WL 100 W424n |
| 082 00 - DEWEY DECIMAL CLASSIFICATION NUMBER | |
| Classification number | 616.8 |
| Edition number | 19 |
| 100 1# - MAIN ENTRY--PERSONAL NAME | |
| Personal name | Weiner, Howard L. |
| 9 (RLIN) | 5480 |
| 245 10 - TITLE STATEMENT | |
| Title | Neurology for the house officer / |
| Statement of responsibility, etc. | Howard L. Weiner, Lawrence P. Levitt. |
| 250 ## - EDITION STATEMENT | |
| Edition statement | 3rd ed. |
| 260 ## - PUBLICATION, DISTRIBUTION, ETC. | |
| Place of publication, distribution, etc. | Baltimore : |
| Name of publisher, distributor, etc. | Williams & Wilkins ; |
| Date of publication, distribution, etc. | c1983. |
| 300 ## - PHYSICAL DESCRIPTION | |
| Extent | xx, 204 p . : |
| Other physical details | ill. ; |
| Dimensions | 19 cm . |
| 504 ## - BIBLIOGRAPHY, ETC. NOTE | |
| Bibliography, etc. note | Includes bibliographies and index. |
| 650 #0 - SUBJECT ADDED ENTRY--TOPICAL TERM | |
| Topical term or geographic name entry element | Nervous system |
| General subdivision | Diseases |
| -- | Handbooks, manuals, etc. |
| 9 (RLIN) | 5481 |
| 650 #0 - SUBJECT ADDED ENTRY--TOPICAL TERM | |
| Topical term or geographic name entry element | Neurology |
| General subdivision | Handbooks, manuals, etc. |
| 9 (RLIN) | 5482 |
| 650 #2 - SUBJECT ADDED ENTRY--TOPICAL TERM | |
| Topical term or geographic name entry element | Nervous system diseases. |
| 9 (RLIN) | 5476 |
| 650 #2 - SUBJECT ADDED ENTRY--TOPICAL TERM | |
| Topical term or geographic name entry element | Neurologic manifestations. |
| 9 (RLIN) | 5483 |
| 700 1# - ADDED ENTRY--PERSONAL NAME | |
| Personal name | Levitt, Lawrence P., |
| Dates associated with a name | 1940- |
| 9 (RLIN) | 5484 |
| 906 ## - LOCAL DATA ELEMENT F, LDF (RLIN) | |
| a | 7 |
| b | cbc |
| c | orignew |
| d | 1 |
| e | ocip |
| f | 19 |
| g | y-gencatlg |
| 942 ## - ADDED ENTRY ELEMENTS (KOHA) | |
| Source of classification or shelving scheme | Library of Congress Classification |
| Koha item type | Books |
| Suppress in OPAC | No |
| Withdrawn status | Lost status | Source of classification or shelving scheme | Damaged status | Not for loan | Collection code | Home library | Current library | Shelving location | Date acquired | Full call number | Barcode | Date last seen | Price effective from | Koha item type |
|---|---|---|---|---|---|---|---|---|---|---|---|---|---|---|
| Library of Congress Classification | Non-fiction | SCHOOL OF HEALTH SCIENCES | SCHOOL OF HEALTH SCIENCES | General Stacks | 16.05.2022 | RC35.W44 1995 | 00001235 | 16.05.2022 | 16.05.2022 | Books |
